000 00870nam a22002897a 4500
003 CHAP
005 20220329135832.0
008 971013s r 00010 d
010 _a43030
011 _a44002
035 _a48140
040 _cCHAP
090 _aFolleto 7438
110 _aMéxico. Dirección General para el Desarrollo Agroindustrial
_977057
245 _aTriplay
_b: elaboración
260 _a(s.l. :
_bs.e.),
_c(s.a.)
300 _as.p.
490 _aProcesos agroindustriales
_v; 14
590 _aBATCH-UPD
_b10
_c20130110
_lUCH01
_h2214
590 _aCONVERSION
_b10
_c20130109
_lUCH01
_h1324
650 1 4 _aTriplay.
_9115171
830 0 _aProcesos agroindustriales
_v; 14
_991824
901 _aBK
942 _cFOLL
949 _aFolleto 7438
_bBC
_cFOLL
_d-109218
_eTS1
_i48140
_si
949 _aFolleto 7438
_bBC
_cFOLL
_d-109219
_eTS2
_fc.2
_i48140
_si
999 _c43030
_d43030